000 00781nam a22001935i 4500
001 158598
003 ES-MaACL
005 20230906211230.0
008 940202s1884 sp |||| | spa d
040 _aCAM
_bspa
100 1 _aMaluquer y Salvador, José.
_975885
245 1 0 _aReseña histórica de la Real Academia Matritense de Jurisprudencia y Legislación /
_cpor Jose Maluquer y Salvador.
260 _aBarcelona :
_b[s.n.],
_c1884 (
_fImp. de Redondo y Xumetra)
300 _a235 p. ;
_c20 cm.
610 _aAcademia Matritense de Jurisprudencia y Legislación.
_91204
852 _aES-MaACL
_jD-1944
_z-- Rust. deteriorada
_z-- Legado M. de la Fuente
852 _aES-MaACL
_jG-14582
_z-- Enc. hol. conservando la cub. original
852 _aES-MaACL
_jC-52540
_z-- Rust.
999 _c158598
_d158598